000 00826cam3a220026500 4500
001 lce00046382
008 751014s1974 enk b 000 0 eng
010 _a 75326653
015 _aGB75-14576
020 _cL.10.00
035 _a(Sirsi) r63271
035 _a(DLC) 75326653
035 _a(UPRA)lce00046382
040 _dUPRA
050 0 _aAS8
_b.B8 1974
082 _a060/.1/48
100 1 _aButtress, F. A.
_6A23032.1
245 1 0 _aWorld guide to abbreviations of organizations /
_cF.A. Buttress.
250 _a5th ed.
260 _aLeighton Buzzard :
_bL. Hill,
_c1974.
504 _aBibliography: p. [5].
650 0 _aAssociations, institutions, etc. -- Abbreviations.
_xAssociations, institutions, etc. -- Abbreviations.
_6S16250.1
949 _aAS8
_wlcc
_i-84026
_mMAIN
_tBOOK
_lON-SHELF
004 63271
999 _c171565
_d171565